...Niarmada... : Eugènia Mur Eugènia Mur
Descripción Física:
1 postal ; il. col. ; 15 x 11 cm
Idioma:
Catalán
MARC
| LEADER | 00000nam a2200000 a 4500 | ||
|---|---|---|---|
| 001 | 25293 | ||
| 008 | 211129b spa||||| |||| 00| 0 cat d | ||
| 080 | |a NBM-13-31 | ||
| 245 | |a ...Niarmada... : |b Eugènia Mur | ||
| 260 | |a Barcelona : |b Diputació de Barcelona ; |c 2019 | ||
| 300 | |a 1 postal ; |b il. col. ; |c 15 x 11 cm | ||
| 610 | 1 | 0 | |a Institut del Teatre (Barcelona, Catalunya) |9 52662 |
| 650 | 0 | |a Dansa contemporània |9 52658 | |
| 710 | 1 | |a Institut del Teatre (Barcelona, Catalunya) |9 52662 | |
| 942 | |2 udc |c ARXIU |n 1 | ||
| 952 | |0 0 |1 0 |4 0 |6 NBM1331 |7 1 |9 61362 |a Arxiu |b Arxiu |d 2022-04-25 |l 0 |o NBM-13-31 |p 25293 |r 2022-04-25 00:00:00 |w 2022-04-25 |y ARXIU | ||
| 999 | |c 81323 |d 81323 | ||